Catálogo
 En Linea
Vista normal Vista MARC

Entrada Término temático

Número de registros utilizados en: 2

001 - NÚMERO DE CONTROL

  • campo de control: 88646

003 - IDENTIFICADOR DEL NÚMERO DE CONTROL

  • campo de control: DO-SdBNP

005 - FECHA Y HORA DE LA ÚLTIMA TRANSACCIÓN

  • campo de control: 20250919131330.0

008 - DATOS DE LONGITUD FIJA

  • campo de control de longitud fija: 250919|| aca||aabn | a|a d

040 ## - FUENTE DE LA CATALOGACIÓN

  • Centro catalogador/agencia de origen: DO-SdBNP
  • Centro/agencia transcriptor: DO-SdBNP

150 ## - ENCABEZAMIENTO--TÉRMINO DE MATERIA

  • Término de materia o nombre geográfico como elemento de entrada: Tribunales constitucionales
  • Subdivisión de forma: Congresos, conferencias , etc

670 ## - FUENTE DE DATOS ENCONTRADOS

  • Cita de la fuente: Work cat.: (DO-SdBNP)55942: Congreso Internacional sobre Derecho y Justicia Constitucional (5 : 2023 : Santo Domingo ) 85200, V Congreso Internacional sobre Derecho y Justicia Constitucional :

Con tecnología Koha